Tradičný a moderný pohľad na úlohu človeka vo výrobnom procese bakalárska práca

Salvato in:
Dettagli Bibliografici
Autore principale: Berová, Dominika Paula
Ente Autore: Fakulta podnikového manažmentu EU. Katedra manažmentu výroby a logistiky - zrušená
Altri autori: Rakovská, Júlia, 1972-
Natura: Libro
Lingua:slovacco
Pubblicazione: Bratislava 2021
Tags: Aggiungi Tag
Nessun Tag, puoi essere il primo ad aggiungerne!!

MARC

LEADER 00000nbm a2200000 4500
001 0275862
005 20211109102643.6
041 0 |a slo 
044 |a SK 
245 1 0 |a Tradičný a moderný pohľad na úlohu človeka vo výrobnom procese  |b bakalárska práca  |c Dominika Paula Berová ; školiteľ: Júlia Rakovská 
264 1 |a Bratislava  |c 2021 
300 |a 62 s. 
100 1 |a Berová, Dominika Paula 
700 1 |a Rakovská, Júlia, 1972- 
710 2 |a Fakulta podnikového manažmentu EU. Katedra manažmentu výroby a logistiky - zrušená